| 000 | 004300000a22001690004500 | ||
|---|---|---|---|
| 041 | 0 | _aSPA | |
| 082 | 0 | 4 | _aG 253.4 K425e |
| 100 | 1 | _aKessler, Juan B. A. (1925-) | |
| 245 | 1 | 0 | _aEvangelismo personal / Juan Kessler |
| 260 | _aSan José, Costa Rica : [S:N] | ||
| 300 | _a107 Pag | ||
| 001 | 6381 | ||
| 942 | _cBK | ||
| 999 |
_c36653 _d36653 |
||
| 336 |
_atexto _btxt _2rdacontent |
||
| 337 |
_2rdamedia _asin mediación _bn |
||
| 338 |
_2rdacarrier _avolumen _bnc |
||